|
|
|
|
| LEADER |
00000nam a2200000 a 4500 |
| 001 |
vtls010286298 |
| 003 |
SK-MaSNL |
| 005 |
20260301031838.0 |
| 008 |
240313s2011 xo dla f 001 0 slo |
| 015 |
|
|
|a SNBA2011/09-05194
|
| 020 |
|
|
|a 9788089284757
|q (viaz.)
|
| 035 |
|
|
|a 2B2F2F2C-1D4C-4FE3-9A76-9C8FF546A408
|
| 035 |
|
|
|a urn:nbn:sk:snk-amji43
|
| 035 |
|
|
|a urn:nbn:sk:snk-am002gpb
|
| 040 |
|
|
|a SNK
|b slo
|c SNK
|e AACR2
|
| 041 |
0 |
|
|a slo
|
| 044 |
|
|
|a xo
|c SK
|
| 072 |
|
7 |
|a 621.39
|x Oznamovacia technika
|2 konspekt
|
| 072 |
|
7 |
|a 007
|x Teória systémov. Automatické systémy. Kybernetika. Informačné systémy
|2 konspekt
|
| 072 |
|
7 |
|a 004.9
|x Špeciálne počítačové metódy. Počítačová grafika
|2 konspekt
|
| 080 |
|
|
|a 621.391.8.037.37
|2 2001
|
| 080 |
|
|
|a 007+004
|2 2001
|
| 080 |
|
|
|a 621.391:612.789
|2 2001
|
| 080 |
|
|
|a 004.934.5
|2 2001
|
| 080 |
|
|
|a (048.8)
|2 2001
|
| 080 |
|
|
|a 004.934
|2 2001
|
| 100 |
1 |
|
|a Juhár, Jozef,
|d 1956-
|4 aut
|9 9740
|
| 245 |
1 |
0 |
|a Rečové technológie v telekomunikačných a informačných systémoch
|c Jozef Juhár a kolektív
|
| 260 |
|
|
|a Košice
|b Equilibria
|c c2011
|
| 300 |
|
|
|a xx, 517 s.
|b grafy, ilustr., sch., tab.
|c 24 cm
|
| 504 |
|
|
|a Bibliogr. odkazy. Index
|
| 650 |
0 |
7 |
|a digitálne spracovanie signálov
|2 SNKPH
|9 72885
|
| 650 |
0 |
7 |
|a informačné systémy
|2 SNKPH
|9 1128
|
| 650 |
0 |
7 |
|a rečové signály
|2 SNKPH
|9 69423
|
| 650 |
0 |
7 |
|a syntéza reči
|2 SNKPH
|9 328047
|
| 650 |
0 |
7 |
|a Digital signal processing
|2 SNKPHeng
|9 328048
|
| 650 |
0 |
7 |
|a Informations systems
|2 SNKPHeng
|9 328049
|
| 650 |
0 |
7 |
|a Speech signals
|2 SNKPHeng
|9 325131
|
| 650 |
0 |
7 |
|a Speech synthesis
|2 SNKPHeng
|9 328050
|
| 650 |
0 |
7 |
|a počítačové spracovanie reči
|2 SNKPH
|9 69968
|
| 650 |
0 |
7 |
|a Speech processing systems
|2 SNKPHeng
|9 328051
|
| 655 |
|
7 |
|a monografie
|2 SNKPH
|9 70139
|
| 655 |
|
7 |
|a Monographs
|2 SNKPHeng
|9 120675
|
| 852 |
|
|
|a Štátna vedecká knižnica v Banskej Bystrici
|
| 919 |
|
|
|a 978-80-89284-75-7
|
| 958 |
|
|
|a OND
|
| 968 |
|
|
|d 62
|
| 999 |
|
|
|c 577411
|d 579341
|
| 952 |
|
|
|a SNK
|b SNK
|y VYP
|7 0
|p 17A0707239
|o snkSC 146026 D1
|i snk2011/15069
|8 0
|0 0
|1 0
|4 0
|d 2011-07-01
|f 1
|l 0
|r 2026-02-23 14:38:10
|w 2026-02-23
|
| 952 |
|
|
|a SNK
|b SNK
|y PREZ
|7 0
|p 17A0707240
|o snkSC 146026
|i snk2011/15068
|8 0
|0 0
|1 0
|4 0
|d 2011-07-01
|l 0
|r 2025-07-15 00:00:00
|w 2026-02-23
|